| 000 | 00000nam 2200000za 4500 |
| 001 | 9.838865 |
| 003 | CaOODSP |
| 005 | 20221107151458 |
| 007 | cr ||||||||||| |
| 008 | 170801s2001 xxc |o f|0| 0 eng d |
| 040 | |aCaOODSP|beng |
| 043 | |an-cn--- |
| 086 | 1 |aR62-520/2001E-PDF |
| 110 | 1 |aCanada.|bParks Canada. |bPerformance, Audit and Review Group. |
| 245 | 10|aAudit of strategic initiatives projects |h[electronic resource] : |bNouvelles Casernes project : final report / |cprepared by: PARAGON Review and Consulting Inc. |
| 260 | |a[S.l.] : |bParks Canada Agency, |c2001. |
| 300 | |ai, 12 p. |
| 500 | |aCover title. |
| 500 | |a"March 31, 2001"--Cover. |
| 500 | |aIssued also in French under title: Vérification des projets d’initiative stratégique : projet des Nouvelles Casernes : rapport définitif. |
| 520 | |a"The objectives of this audit were to provide an independent assessment to senior management on: whether allocated funds for the Nouvelles Casernes Project were spent as intended, the fairness and value for money in contracting; and, the effectiveness of the management control framework over the Nouvelles Casernes strategic initiative project"--Executive Summary, p. i. |
| 692 | 07|2gccst|aAudit |
| 710 | 2 |aParagon Review and Consulting Inc. |
| 775 | 08|tVérification des projets d'initative stratégique |w(CaOODSP)9.838867 |
| 856 | 40|qPDF|s131 KB|uhttps://publications.gc.ca/collections/collection_2017/pc/R62-520-2001-eng.pdf |